<?xml version="1.0" encoding="UTF-8"?>
<collection xmlns="http://www.loc.gov/MARC21/slim">
 <record>
  <leader>01851cam a2200397  a4500</leader>
  <controlfield tag="001">1453907912</controlfield>
  <controlfield tag="003">DE-627</controlfield>
  <controlfield tag="005">20220819124226.0</controlfield>
  <controlfield tag="007">tu</controlfield>
  <controlfield tag="008">130624m20162016xx |||||      00| ||fre c</controlfield>
  <datafield tag="020" ind1=" " ind2=" ">
   <subfield code="a">9782878441734</subfield>
   <subfield code="c">2 Bände im Schuber</subfield>
   <subfield code="9">978-2-87844-173-4</subfield>
  </datafield>
  <datafield tag="024" ind1="3" ind2=" ">
   <subfield code="a">9782878441734</subfield>
  </datafield>
  <datafield tag="035" ind1=" " ind2=" ">
   <subfield code="a">(DE-627)1453907912</subfield>
  </datafield>
  <datafield tag="035" ind1=" " ind2=" ">
   <subfield code="a">(DE-576)383907918</subfield>
  </datafield>
  <datafield tag="035" ind1=" " ind2=" ">
   <subfield code="a">(DE-599)BSZ383907918</subfield>
  </datafield>
  <datafield tag="040" ind1=" " ind2=" ">
   <subfield code="a">DE-627</subfield>
   <subfield code="b">ger</subfield>
   <subfield code="c">DE-627</subfield>
   <subfield code="e">rda</subfield>
  </datafield>
  <datafield tag="041" ind1=" " ind2=" ">
   <subfield code="a">fre</subfield>
  </datafield>
  <datafield tag="084" ind1=" " ind2=" ">
   <subfield code="a">9,10</subfield>
   <subfield code="2">ssgn</subfield>
  </datafield>
  <datafield tag="084" ind1=" " ind2=" ">
   <subfield code="a">LI 72830</subfield>
   <subfield code="2">rvk</subfield>
   <subfield code="0">(DE-625)rvk/96943:</subfield>
  </datafield>
  <datafield tag="100" ind1="1" ind2=" ">
   <subfield code="a">James-Sarazin, Ariane</subfield>
   <subfield code="d">1971-</subfield>
   <subfield code="e">ZusammenstellendeR</subfield>
   <subfield code="0">(DE-588)141232781</subfield>
   <subfield code="0">(DE-627)626153522</subfield>
   <subfield code="0">(DE-576)322866197</subfield>
   <subfield code="4">com</subfield>
  </datafield>
  <datafield tag="245" ind1="1" ind2="0">
   <subfield code="a">Hyacinthe Rigaud</subfield>
   <subfield code="b">1659-1743</subfield>
   <subfield code="c">Ariane James-Sarazin ; avec la collaboration de Jean-Yves Sarazin</subfield>
  </datafield>
  <datafield tag="264" ind1=" " ind2="1">
   <subfield code="a">Dijon</subfield>
   <subfield code="b">éditions Faton</subfield>
   <subfield code="c">[2016]</subfield>
  </datafield>
  <datafield tag="336" ind1=" " ind2=" ">
   <subfield code="a">Text</subfield>
   <subfield code="b">txt</subfield>
   <subfield code="2">rdacontent</subfield>
  </datafield>
  <datafield tag="336" ind1=" " ind2=" ">
   <subfield code="a">unbewegtes Bild</subfield>
   <subfield code="b">sti</subfield>
   <subfield code="2">rdacontent</subfield>
  </datafield>
  <datafield tag="337" ind1=" " ind2=" ">
   <subfield code="a">ohne Hilfsmittel zu benutzen</subfield>
   <subfield code="b">n</subfield>
   <subfield code="2">rdamedia</subfield>
  </datafield>
  <datafield tag="338" ind1=" " ind2=" ">
   <subfield code="a">Band</subfield>
   <subfield code="b">nc</subfield>
   <subfield code="2">rdacarrier</subfield>
  </datafield>
  <datafield tag="689" ind1="0" ind2="0">
   <subfield code="d">p</subfield>
   <subfield code="0">(DE-588)11878885X</subfield>
   <subfield code="0">(DE-627)079565158</subfield>
   <subfield code="0">(DE-576)209460490</subfield>
   <subfield code="a">Rigaud, Hyacinthe</subfield>
   <subfield code="d">1659-1743</subfield>
   <subfield code="2">gnd</subfield>
  </datafield>
  <datafield tag="689" ind1="0" ind2=" ">
   <subfield code="5">(DE-627)</subfield>
  </datafield>
  <datafield tag="700" ind1="1" ind2=" ">
   <subfield code="a">Sarazin, Jean-Yves</subfield>
   <subfield code="d">1967-2016</subfield>
   <subfield code="e">MitwirkendeR</subfield>
   <subfield code="0">(DE-588)188479848</subfield>
   <subfield code="0">(DE-627)699403723</subfield>
   <subfield code="0">(DE-576)13534834X</subfield>
   <subfield code="4">ctb</subfield>
  </datafield>
  <datafield tag="700" ind1="1" ind2=" ">
   <subfield code="a">Rigaud, Hyacinthe</subfield>
   <subfield code="d">1659-1743</subfield>
   <subfield code="e">IllustratorIn</subfield>
   <subfield code="0">(DE-588)11878885X</subfield>
   <subfield code="0">(DE-627)079565158</subfield>
   <subfield code="0">(DE-576)209460490</subfield>
   <subfield code="4">ill</subfield>
  </datafield>
  <datafield tag="787" ind1="0" ind2="8">
   <subfield code="i">Rezensiert in</subfield>
   <subfield code="a">Perrin Khelissa, Anne, 1978 - </subfield>
   <subfield code="t">[Rezension von: Ariane James-Sarazin, Hyacinthe Rigaud. Le catalogue raisonné]</subfield>
   <subfield code="d">2017</subfield>
   <subfield code="w">(DE-627)1814752765</subfield>
  </datafield>
  <datafield tag="936" ind1="r" ind2="v">
   <subfield code="a">LI 72830</subfield>
   <subfield code="b">Rigaud, Hyacinthe</subfield>
   <subfield code="k">Künstler-Monografien</subfield>
   <subfield code="k">Alphabetische Künstlerliste</subfield>
   <subfield code="k">Künstler R</subfield>
   <subfield code="k">Rigaud, Hyacinthe</subfield>
   <subfield code="0">(DE-627)1271139227</subfield>
   <subfield code="0">(DE-625)rvk/96943:</subfield>
   <subfield code="0">(DE-576)201139227</subfield>
  </datafield>
  <datafield tag="951" ind1=" " ind2=" ">
   <subfield code="a">MC</subfield>
  </datafield>
  <datafield tag="990" ind1=" " ind2=" ">
   <subfield code="a">Rigaud, Hyacinthe</subfield>
  </datafield>
  <datafield tag="991" ind1=" " ind2=" ">
   <subfield code="a">Rezensiertes Werk</subfield>
  </datafield>
  <datafield tag="999" ind1=" " ind2=" ">
   <subfield code="a">KXP-PPN1453907912</subfield>
   <subfield code="e">4182296346</subfield>
  </datafield>
 </record>
</collection>
